XXI premis Prevenció d'Incendis Forestals 2017
Descripción Física:
1 punt de llibre : il·lustracions ; 23 x 6 cm
Idioma:
Catalán
MARC
| LEADER | 00000nrm a2200000 a 4500 | ||
|---|---|---|---|
| 001 | 26188 | ||
| 003 | Arxiu | ||
| 005 | 20260324181128.0 | ||
| 008 | 220707b spa||||| |||| 00| 0 cat d | ||
| 017 | |a DL B 25914-2017 | ||
| 080 | |a NBM-14-31 | ||
| 245 | |a XXI premis Prevenció d'Incendis Forestals 2017 | ||
| 246 | 3 | 2 | |a Vint-i-unens premis Prevenció d'Incendis Forestals |
| 260 | |a Barcelona : |b Diputació de Barcelona, |c 2017 | ||
| 300 | |a 1 punt de llibre : |b il·lustracions ; |c 23 x 6 cm | ||
| 650 | 0 | |a Incendis forestals |x Prevenció i control |x Premis |9 55415 | |
| 655 | 0 | |a Punts de llibre |9 52700 | |
| 710 | |a Barcelona (Catalunya : Província). |b Oficina Tècnica de Prevenció Municipal d'Incendis Forestals |9 9456 | ||
| 942 | |2 udc |c ARXIU |n 1 | ||
| 952 | |0 0 |1 0 |4 0 |6 NBM1431 |7 1 |9 62701 |a Arxiu |b Arxiu |d 2022-07-07 |l 0 |o NBM-14-31 |p 26188 |r 2022-07-07 00:00:00 |w 2022-07-07 |y ARXIU | ||
| 999 | |c 82231 |d 82231 | ||